000 00334nam a2200133 a 4500
001 4144
005 20140414131908.0
008 090317s19uu xx 00 eng d
050 _aER
_bN66 1998
100 _aBrill, Marlene Targ
245 _aNoah's ark.
260 _aIllinois :
_bPublications International,
_c1998.
999 _c111059
_d111059